000 00581nam a2200181Ia 4500
003 GCL
008 140319s9999 xx 000 0 ara d
040 _aGCL /
_cGCL
082 0 4 _a956.94
_bا ا
100 1 _aاحمد صدقى الدجانى
245 1 0 _aالانتفاضة الفلسطينية والصحوة الكبرى /
_cاحمد صدقى الدجانى
260 _a[S.N] :
_bدار المستقبل العربى ،
_c1988
300 _a195 ص
490 _a
650 0 4 _aالنزاع العربى الاسرائيلى
650 0 4 _aفلسطين
942 _2ddc
_cBK
999 _c54995
_d54995